Greatest Rock and Roll Songs with a Girls Name in the Title #2 - Statistics

General Stats
  • This quiz has been taken 168 times
  • The average score is 8 of 16
Answer Stats
Song Title Artist % Correct
Dear Prudence The Beatles
75%
Lola The Kinks
75%
Help Me, Rhonda Beach Boys
71%
Janies's Got a Gun Aerosmith
70%
Cecilia Simon & Garfunkel
60%
Beth Kiss
57%
Black Betty Ram Jam
51%
Amanda Boston
46%
Sheena is a Punk Rocker Ramones
44%
Jenny (867-5309) Tommy Tutone
43%
Mary Jane's Last Dance Tom Petty & the Heartbreakers
39%
Donna Ritchie Valens
31%
Maggie's Farm Bob Dylan
29%
Blue Jean David Bowie
27%
Mustang Sally Wilson Pickett
24%
Baby Jane Rod Stewart
20%
No matching quizzes found
Score Distribution
Percent of People with Each Score
Percentile by Number Answered
Your Score History
You have not taken this quiz